000 00819nam a2200241 i 4500
001 bg
100 1 _aIBURG, Holger
245 1 0 _aOnline - PR :
_bExakte Zielgruppenansprache, interaktive Kundenkontakte, innovative Kommunikationskonskonzepte /
_cHolger Iburg, Angelika Oplesch.
260 _aLandsberg :
_bModerne Industrie,
_c2001.
300 _a283 s. :
_bil. ;
_c24 cm.
504 _aBibliogr. - Indeks.
650 9 _aPublic relations
650 9 _aInternet
_xstosowanie
_xpublic relations
700 1 _aOPLESCH, Angelika
020 _a3478249309
040 _cBPK
041 0 _ade
080 _a659.4:004.738.5
920 _a3-478-24930-9
942 _cKS
008 s pl f |000 0 pol
999 _c40463
_d40463
856 _uhttp://koha.tu.koszalin.pl/cgi-bin/koha/opac-detail.pl?biblionumber=40463
_yKatalog online BPK